000 00550nam a2200205Ia 4500
005 20250923145645.0
008 008 250917s9999 xx 000 0 eng d
037 _aTextual
040 _aDSWL
_beng
_cDSWL
041 _aeng
_2eng
084 _qDSWL
100 _aSharma, K.
_9837620
245 0 _aWomen in Focus : A Community Search of Equal Roles
_c by K. Sharma
260 _aHyderabad
_bSangam Books
_c1984
300 _axvi,117 p.
365 _aINR
_b27.00
925 _g27.00
942 _cTEXL
999 _c1454003
_d1454003